[Event "Deutsche Ländermeisterschaft 2025"]
[Site "Oer-Erkenschwick GER"]
[Date "2025.10.04"]
[Round "6"]
[White "Matthäi, Jakob"]
[Black "Atoyan, Alberto"]
[Result "0-1"]
[Termination "normal"]
[Board "2.1"]
[BlackTitle "CM"]
[WhiteElo "2163"]
[BlackElo "2302"]
[WhiteClock "00:06:57"]
[BlackClock "00:03:20"]
[WhiteTeam "Sachsen"]
[BlackTeam "Bayern"]
[PlyCount "72"]
[WhiteFideId "16240421"]
[BlackFideId "13314831"]
[EventCountry "GER"]
[EventRounds "7"]
[EventType "team-swiss"]
[EventDate "2025.09.30"]

1. c4 {[%clk 01:30:58]} {[%emt 00:00:02]} e6 {[%clk 01:30:53]} {[%emt
00:00:07]} 2. g3 {[%clk 01:31:23]} {[%emt 00:00:05]} Nf6 {[%clk 01:31:17]}
{[%emt 00:00:05]} 3. Bg2 {[%clk 01:31:49]} {[%emt 00:00:04]} d5 {[%clk
01:31:44]} {[%emt 00:00:04]} 4. Nf3 {[%clk 01:32:15]} {[%emt 00:00:04]} Nc6
{[%clk 01:32:10]} {[%emt 00:00:03]} 5. cxd5 {[%clk 01:30:55]} {[%emt 00:01:51]}
exd5 {[%clk 01:32:27]} {[%emt 00:00:13]} 6. d4 {[%clk 01:30:24]} {[%emt
00:01:01]} Bd6 {[%clk 01:32:09]} {[%emt 00:00:47]} 7. Nc3 {[%clk 01:30:04]}
{[%emt 00:00:50]} h6 {[%clk 01:30:58]} {[%emt 00:01:41]} 8. O-O {[%clk
01:30:10]} {[%emt 00:00:24]} O-O {[%clk 01:30:39]} {[%emt 00:00:49]} 9. Nb5
{[%clk 01:29:23]} {[%emt 00:01:16]} Ne4 {[%clk 01:19:22]} {[%emt 00:11:47]} 10.
Nxd6 {[%clk 01:28:04]} {[%emt 00:01:49]} Qxd6 {[%clk 01:19:40]} {[%emt
00:00:12]} 11. Bf4 {[%clk 01:25:23]} {[%emt 00:03:11]} Qe7 {[%clk 01:16:33]}
{[%emt 00:03:38]} 12. Rc1 {[%clk 01:24:11]} {[%emt 00:01:42]} a5 {[%clk
01:09:41]} {[%emt 00:07:21]} 13. Ne5 {[%clk 01:19:34]} {[%emt 00:05:08]} Nxe5
{[%clk 01:05:37]} {[%emt 00:04:35]} 14. Bxe5 {[%clk 01:14:31]} {[%emt
00:05:32]} c6 {[%clk 01:05:09]} {[%emt 00:00:59]} 15. h3 {[%clk 01:12:12]}
{[%emt 00:02:49]} Bf5 {[%clk 00:57:22]} {[%emt 00:08:15]} 16. g4 {[%clk
01:11:31]} {[%emt 00:01:12]} Bg6 {[%clk 00:50:20]} {[%emt 00:07:32]} 17. Bxe4
{[%clk 01:09:52]} {[%emt 00:02:09]} dxe4 {[%clk 00:45:53]} {[%emt 00:04:57]}
18. Qb3 {[%clk 01:08:31]} {[%emt 00:01:51]} a4 {[%clk 00:42:10]} {[%emt
00:04:13]} 19. Qb6 {[%clk 01:04:28]} {[%emt 00:04:33]} Rfd8 {[%clk 00:35:11]}
{[%emt 00:07:29]} 20. e3 {[%clk 01:02:33]} {[%emt 00:02:25]} h5 {[%clk
00:31:28]} {[%emt 00:04:13]} 21. Bg3 {[%clk 00:59:48]} {[%emt 00:03:15]} hxg4
{[%clk 00:29:34]} {[%emt 00:02:24]} 22. hxg4 {[%clk 00:57:40]} {[%emt
00:02:38]} Qd7 {[%clk 00:26:21]} {[%emt 00:03:43]} 23. Rc5 {[%clk 00:56:01]}
{[%emt 00:02:08]} Kh7 {[%clk 00:08:56]} {[%emt 00:17:55]} 24. Kg2 {[%clk
00:28:10]} {[%emt 00:28:21]} Qxg4 {[%clk 00:08:44]} {[%emt 00:00:42]} 25. Rh1+
{[%clk 00:28:30]} {[%emt 00:00:09]} Kg8 {[%clk 00:09:10]} {[%emt 00:00:04]} 26.
Qxb7 {[%clk 00:27:56]} {[%emt 00:01:04]} Rac8 {[%clk 00:07:24]} {[%emt
00:02:16]} 27. Rh4 {[%clk 00:25:42]} {[%emt 00:02:44]} Qe6 {[%clk 00:07:47]}
{[%emt 00:00:07]} 28. Rc1 {[%clk 00:23:46]} {[%emt 00:02:27]} Qf5 {[%clk
00:03:32]} {[%emt 00:04:45]} 29. Rf4 {[%clk 00:23:42]} {[%emt 00:00:33]} Qb5
{[%clk 00:03:30]} {[%emt 00:00:32]} 30. Qe7 {[%clk 00:18:16]} {[%emt 00:05:56]}
Re8 {[%clk 00:03:09]} {[%emt 00:00:52]} 31. Qh4 {[%clk 00:13:26]} {[%emt
00:05:20]} Bh5 {[%clk 00:02:41]} {[%emt 00:00:57]} 32. Rxe4 {[%clk 00:06:36]}
{[%emt 00:07:21]} Qd5 {[%clk 00:02:50]} {[%emt 00:00:21]} 33. f3 {[%clk
00:07:01]} {[%emt 00:00:05]} Bxf3+ {[%clk 00:02:51]} {[%emt 00:00:29]} 34. Kxf3
{[%clk 00:07:30]} {[%emt 00:00:02]} f5 {[%clk 00:03:16]} {[%emt 00:00:05]} 35.
Be5 {[%clk 00:06:40]} {[%emt 00:01:19]} fxe4+ {[%clk 00:03:04]} {[%emt
00:00:43]} 36. Qxe4 {[%clk 00:06:57]} {[%emt 00:00:12]} Rxe5 {[%clk 00:03:20]}
{[%emt 00:00:14]} 0-1

[Event "Deutsche Ländermeisterschaft 2025"]
[Site "Oer-Erkenschwick GER"]
[Date "2025.10.04"]
[Round "6"]
[White "Mohylnyi, Stepan"]
[Black "Steger, Lukas Daniel"]
[Result "0-1"]
[Termination "normal"]
[Board "2.2"]
[WhiteTitle "FM"]
[WhiteElo "2275"]
[BlackElo "2081"]
[WhiteClock "00:20:32"]
[BlackClock "00:18:15"]
[WhiteTeam "Bayern"]
[BlackTeam "Sachsen"]
[PlyCount "92"]
[WhiteFideId "34127836"]
[BlackFideId "3335151"]
[EventCountry "GER"]
[EventRounds "7"]
[EventType "team-swiss"]
[EventDate "2025.09.30"]

1. e4 {[%clk 01:30:56]} {[%emt 00:00:03]} c5 {[%clk 01:30:54]} {[%emt
00:00:06]} 2. Nf3 {[%clk 01:31:23]} {[%emt 00:00:04]} Nc6 {[%clk 01:31:18]}
{[%emt 00:00:07]} 3. d4 {[%clk 01:31:39]} {[%emt 00:00:14]} cxd4 {[%clk
01:31:39]} {[%emt 00:00:08]} 4. Nxd4 {[%clk 01:32:06]} {[%emt 00:00:03]} Nf6
{[%clk 01:31:57]} {[%emt 00:00:13]} 5. Nc3 {[%clk 01:32:32]} {[%emt 00:00:03]}
e5 {[%clk 01:31:48]} {[%emt 00:00:39]} 6. Ndb5 {[%clk 01:32:59]} {[%emt
00:00:04]} d6 {[%clk 01:32:12]} {[%emt 00:00:06]} 7. Nd5 {[%clk 01:32:59]}
{[%emt 00:00:30]} Nxd5 {[%clk 01:32:35]} {[%emt 00:00:07]} 8. exd5 {[%clk
01:33:26]} {[%emt 00:00:02]} Nb8 {[%clk 01:32:56]} {[%emt 00:00:09]} 9. c4
{[%clk 01:33:53]} {[%emt 00:00:04]} a6 {[%clk 01:33:15]} {[%emt 00:00:10]} 10.
Qa4 {[%clk 01:30:32]} {[%emt 00:03:51]} Nd7 {[%clk 01:33:38]} {[%emt 00:00:07]}
11. Bg5 {[%clk 01:15:53]} {[%emt 00:15:09]} Qxg5 {[%clk 01:04:35]} {[%emt
00:29:32]} 12. Nc7+ {[%clk 01:14:27]} {[%emt 00:01:57]} Ke7 {[%clk 01:04:44]}
{[%emt 00:00:21]} 13. Nxa8 {[%clk 01:14:49]} {[%emt 00:00:08]} g6 {[%clk
01:02:37]} {[%emt 00:02:37]} 14. b4 {[%clk 00:37:42]} {[%emt 00:37:37]} Bh6
{[%clk 00:55:36]} {[%emt 00:07:30]} 15. Qc2 {[%clk 00:33:25]} {[%emt 00:04:48]}
b6 {[%clk 00:37:22]} {[%emt 00:18:43]} 16. h4 {[%clk 00:25:31]} {[%emt
00:08:23]} Qg4 {[%clk 00:36:10]} {[%emt 00:01:43]} 17. h5 {[%clk 00:19:59]}
{[%emt 00:06:03]} Bb7 {[%clk 00:34:20]} {[%emt 00:02:19]} 18. hxg6 {[%clk
00:20:24]} {[%emt 00:00:05]} hxg6 {[%clk 00:33:46]} {[%emt 00:01:04]} 19. Rh3
{[%clk 00:20:22]} {[%emt 00:00:31]} Bxa8 {[%clk 00:31:19]} {[%emt 00:02:57]}
20. Rg3 {[%clk 00:19:46]} {[%emt 00:01:06]} Qh4 {[%clk 00:30:13]} {[%emt
00:01:37]} 21. Rh3 {[%clk 00:20:10]} {[%emt 00:00:06]} Qf6 {[%clk 00:28:45]}
{[%emt 00:01:58]} 22. a4 {[%clk 00:20:09]} {[%emt 00:00:31]} Bf4 {[%clk
00:20:23]} {[%emt 00:08:52]} 23. Rxh8 {[%clk 00:17:48]} {[%emt 00:02:51]} Qxh8
{[%clk 00:20:48]} {[%emt 00:00:05]} 24. a5 {[%clk 00:18:04]} {[%emt 00:00:15]}
bxa5 {[%clk 00:12:25]} {[%emt 00:08:52]} 25. Rxa5 {[%clk 00:18:29]} {[%emt
00:00:05]} Qb8 {[%clk 00:11:51]} {[%emt 00:01:03]} 26. Qc3 {[%clk 00:13:49]}
{[%emt 00:05:11]} Qb6 {[%clk 00:08:04]} {[%emt 00:04:17]} 27. g3 {[%clk
00:12:29]} {[%emt 00:01:50]} Bg5 {[%clk 00:06:47]} {[%emt 00:01:46]} 28. Bg2
{[%clk 00:12:23]} {[%emt 00:00:36]} e4 {[%clk 00:05:58]} {[%emt 00:01:20]} 29.
Bxe4 {[%clk 00:11:40]} {[%emt 00:01:13]} Bf6 {[%clk 00:05:54]} {[%emt
00:00:33]} 30. Qd2 {[%clk 00:07:48]} {[%emt 00:04:22]} Bb7 {[%clk 00:04:44]}
{[%emt 00:01:40]} 31. Bd3 {[%clk 00:06:34]} {[%emt 00:01:44]} Qd4 {[%clk
00:03:14]} {[%emt 00:02:01]} 32. Ra3 {[%clk 00:04:09]} {[%emt 00:02:56]} Kf8
{[%clk 00:01:40]} {[%emt 00:02:04]} 33. Be2 {[%clk 00:03:33]} {[%emt 00:01:05]}
Qe4 {[%clk 00:01:32]} {[%emt 00:00:38]} 34. f3 {[%clk 00:03:59]} {[%emt
00:00:04]} Qb1+ {[%clk 00:01:26]} {[%emt 00:00:36]} 35. Kf2 {[%clk 00:04:28]}
{[%emt 00:00:01]} Qf5 {[%clk 00:00:42]} {[%emt 00:01:13]} 36. Kg2 {[%clk
00:01:05]} {[%emt 00:03:54]} Kg7 {[%clk 00:00:50]} {[%emt 00:00:22]} 37. Bd3
{[%clk 00:00:49]} {[%emt 00:00:46]} Qe5 {[%clk 00:00:44]} {[%emt 00:00:36]} 38.
Be4 {[%clk 00:01:14]} {[%emt 00:00:05]} Nb6 {[%clk 00:00:38]} {[%emt 00:00:36]}
39. Qc1 {[%clk 00:01:03]} {[%emt 00:00:42]} Nxc4 {[%clk 00:00:44]} {[%emt
00:00:25]} 40. Ra2 {[%clk 00:00:55]} {[%emt 00:00:37]} Bxd5 {[%clk 00:00:35]}
{[%emt 00:00:39]} 41. Re2 {[%clk 00:29:57]} {[%emt 00:01:28]} Be6 {[%clk
00:22:18]} {[%emt 00:08:47]} 42. Qc2 {[%clk 00:22:58]} {[%emt 00:07:29]} d5
{[%clk 00:18:04]} {[%emt 00:04:43]} 43. Bd3 {[%clk 00:19:22]} {[%emt 00:04:05]}
Ne3+ {[%clk 00:18:22]} {[%emt 00:00:13]} 44. Rxe3 {[%clk 00:19:48]} {[%emt
00:00:04]} Qxe3 {[%clk 00:18:48]} {[%emt 00:00:04]} 45. Bxa6 {[%clk 00:20:14]}
{[%emt 00:00:05]} Bd4 {[%clk 00:18:15]} {[%emt 00:01:03]} 46. Qe2 {[%clk
00:20:32]} {[%emt 00:00:11]} Qg1# {[%emt 00:00:06]} 0-1

[Event "Deutsche Ländermeisterschaft 2025"]
[Site "Oer-Erkenschwick GER"]
[Date "2025.10.04"]
[Round "6"]
[White "Herrmann, Arthur"]
[Black "Logvinov, Petro"]
[Result "1/2-1/2"]
[Termination "normal"]
[Board "2.3"]
[BlackTitle "FM"]
[WhiteElo "2149"]
[BlackElo "2166"]
[WhiteClock "00:01:39"]
[BlackClock "00:02:46"]
[WhiteTeam "Sachsen"]
[BlackTeam "Bayern"]
[PlyCount "195"]
[WhiteFideId "16287150"]
[BlackFideId "14176661"]
[EventCountry "GER"]
[EventRounds "7"]
[EventType "team-swiss"]
[EventDate "2025.09.30"]

1. e4 {[%clk 01:30:50]} {[%emt 00:00:02]} c5 {[%clk 01:30:33]} {[%emt
00:00:36]} 2. Nf3 {[%clk 01:31:11]} {[%emt 00:00:09]} Nc6 {[%clk 01:30:56]}
{[%emt 00:00:06]} 3. d4 {[%clk 01:31:21]} {[%emt 00:00:21]} cxd4 {[%clk
01:31:13]} {[%emt 00:00:13]} 4. Nxd4 {[%clk 01:31:46]} {[%emt 00:00:05]} Nf6
{[%clk 01:31:35]} {[%emt 00:00:08]} 5. Nc3 {[%clk 01:32:04]} {[%emt 00:00:12]}
e5 {[%clk 01:31:55]} {[%emt 00:00:10]} 6. Ndb5 {[%clk 01:32:20]} {[%emt
00:00:15]} d6 {[%clk 01:32:17]} {[%emt 00:00:08]} 7. Bg5 {[%clk 01:31:42]}
{[%emt 00:01:10]} a6 {[%clk 01:31:57]} {[%emt 00:00:50]} 8. Na3 {[%clk
01:32:07]} {[%emt 00:00:05]} b5 {[%clk 01:32:10]} {[%emt 00:00:17]} 9. Bxf6
{[%clk 01:30:46]} {[%emt 00:01:54]} gxf6 {[%clk 01:32:32]} {[%emt 00:00:08]}
10. Nd5 {[%clk 01:31:10]} {[%emt 00:00:06]} Bg7 {[%clk 01:32:55]} {[%emt
00:00:06]} 11. Bd3 {[%clk 01:30:29]} {[%emt 00:01:12]} Ne7 {[%clk 01:29:49]}
{[%emt 00:03:42]} 12. Nxe7 {[%clk 01:30:43]} {[%emt 00:00:17]} Qxe7 {[%clk
01:30:13]} {[%emt 00:00:06]} 13. O-O {[%clk 01:28:50]} {[%emt 00:02:28]} O-O
{[%clk 01:27:21]} {[%emt 00:03:28]} 14. c4 {[%emt 00:12:42]} f5 {[%clk
01:08:34]} {[%emt 00:08:07]} 15. Qh5 {[%clk 01:23:50]} {[%emt 00:04:30]} bxc4
{[%clk 00:38:51]} {[%emt 00:30:13]} 16. Nxc4 {[%clk 01:22:25]} {[%emt
00:01:55]} Rb8 {[%clk 00:36:52]} {[%emt 00:02:28]} 17. exf5 {[%clk 00:54:02]}
{[%emt 00:28:53]} e4 {[%clk 00:35:54]} {[%emt 00:01:28]} 18. Bc2 {[%clk
00:34:57]} {[%emt 00:19:36]} Rb5 {[%clk 00:25:20]} {[%emt 00:11:03]} 19. Ne3
{[%clk 00:32:34]} {[%emt 00:02:53]} d5 {[%clk 00:25:29]} {[%emt 00:00:21]} 20.
a4 {[%clk 00:24:58]} {[%emt 00:08:06]} Rxb2 {[%clk 00:09:52]} {[%emt 00:16:08]}
21. Nxd5 {[%clk 00:24:45]} {[%emt 00:00:43]} Qe5 {[%clk 00:09:14]} {[%emt
00:01:07]} 22. Ne3 {[%clk 00:24:34]} {[%emt 00:00:41]} Rb4 {[%clk 00:05:30]}
{[%emt 00:04:14]} 23. Rad1 {[%clk 00:23:07]} {[%emt 00:01:56]} Bb7 {[%clk
00:01:51]} {[%emt 00:04:10]} 24. Rd2 {[%clk 00:18:24]} {[%emt 00:05:13]} Bc6
{[%clk 00:01:52]} {[%emt 00:00:28]} 25. Rfd1 {[%clk 00:14:28]} {[%emt
00:04:27]} Bxa4 {[%clk 00:01:19]} {[%emt 00:01:03]} 26. Bxa4 {[%clk 00:14:35]}
{[%emt 00:00:23]} Rxa4 {[%clk 00:01:42]} {[%emt 00:00:06]} 27. Rd5 {[%clk
00:13:02]} {[%emt 00:02:03]} Qf4 {[%clk 00:01:08]} {[%emt 00:01:03]} 28. Ng4
{[%clk 00:08:56]} {[%emt 00:04:37]} e3 {[%clk 00:01:28]} {[%emt 00:00:10]} 29.
Nxe3 {[%clk 00:08:54]} {[%emt 00:00:32]} Rd4 {[%clk 00:00:33]} {[%emt
00:01:25]} 30. R5xd4 {[%clk 00:05:28]} {[%emt 00:03:56]} Bxd4 {[%clk 00:01:01]}
{[%emt 00:00:01]} 31. g3 {[%clk 00:04:49]} {[%emt 00:01:09]} Qe4 {[%clk
00:00:34]} {[%emt 00:00:57]} 32. Qg5+ {[%clk 00:02:03]} {[%emt 00:03:16]} Kh8
{[%clk 00:01:03]} 33. f6 {[%clk 00:02:01]} {[%emt 00:00:33]} Rg8 {[%clk
00:01:32]} {[%emt 00:00:01]} 34. Qd5 {[%clk 00:01:40]} {[%emt 00:00:51]} Qxd5
{[%clk 00:01:13]} {[%emt 00:00:48]} 35. Nxd5 {[%clk 00:02:09]} {[%emt
00:00:02]} Bb2 {[%clk 00:00:56]} {[%emt 00:00:46]} 36. Rd2 {[%clk 00:00:45]}
{[%emt 00:01:55]} Rb8 {[%clk 00:01:17]} {[%emt 00:00:08]} 37. Kg2 {[%clk
00:00:42]} {[%emt 00:00:33]} h6 {[%clk 00:01:40]} {[%emt 00:00:08]} 38. Ne3
{[%clk 00:00:41]} {[%emt 00:00:31]} Bxf6 {[%clk 00:01:13]} {[%emt 00:00:56]}
39. Rd6 {[%clk 00:00:56]} {[%emt 00:00:16]} Bg7 {[%clk 00:00:36]} {[%emt
00:01:07]} 40. Rxa6 {[%clk 00:01:17]} {[%emt 00:00:09]} Kh7 {[%clk 00:00:33]}
{[%emt 00:00:33]} 41. h4 {[%clk 00:27:12]} {[%emt 00:04:35]} Rb5 {[%clk
00:23:52]} {[%emt 00:07:11]} 42. Rd6 {[%clk 00:25:57]} {[%emt 00:01:45]} Rc5
{[%clk 00:20:55]} {[%emt 00:03:27]} 43. Rd5 {[%clk 00:25:01]} {[%emt 00:01:27]}
Rxd5 {[%clk 00:19:47]} {[%emt 00:01:39]} 44. Nxd5 {[%clk 00:25:27]} {[%emt
00:00:05]} Bd4 {[%clk 00:15:14]} {[%emt 00:05:04]} 45. Ne7 {[%clk 00:18:05]}
{[%emt 00:07:57]} Bf6 {[%clk 00:15:36]} {[%emt 00:00:08]} 46. Nd5 {[%clk
00:18:13]} {[%emt 00:00:23]} Bd4 {[%clk 00:15:50]} {[%emt 00:00:16]} 47. Kf3
{[%clk 00:12:51]} {[%emt 00:05:55]} Kg6 {[%clk 00:15:17]} {[%emt 00:01:03]} 48.
g4 {[%clk 00:11:50]} {[%emt 00:01:32]} Bc5 {[%clk 00:14:46]} {[%emt 00:01:00]}
49. Nf4+ {[%clk 00:07:23]} {[%emt 00:05:01]} Kf6 {[%clk 00:14:32]} {[%emt
00:00:45]} 50. Nd3 {[%clk 00:07:37]} {[%emt 00:00:16]} Bd6 {[%clk 00:10:13]}
{[%emt 00:04:50]} 51. Ke4 {[%clk 00:07:31]} {[%emt 00:00:37]} Kg6 {[%clk
00:08:37]} {[%emt 00:02:07]} 52. Nf4+ {[%clk 00:06:47]} {[%emt 00:01:17]} Kg7
{[%clk 00:07:22]} {[%emt 00:01:50]} 53. Kf5 {[%clk 00:06:48]} {[%emt 00:00:31]}
Be7 {[%clk 00:07:05]} {[%emt 00:00:50]} 54. Ng2 {[%clk 00:03:54]} {[%emt
00:03:32]} Bc5 {[%clk 00:07:13]} {[%emt 00:00:22]} 55. f3 {[%clk 00:03:21]}
{[%emt 00:01:05]} Be7 {[%clk 00:07:41]} {[%emt 00:00:02]} 56. h5 {[%clk
00:03:09]} {[%emt 00:00:45]} Bg5 {[%clk 00:08:04]} {[%emt 00:00:08]} 57. Nf4
{[%clk 00:03:07]} {[%emt 00:00:33]} Be7 {[%clk 00:07:20]} {[%emt 00:01:16]} 58.
Nd5 {[%clk 00:03:07]} {[%emt 00:00:31]} Ba3 {[%clk 00:07:27]} {[%emt 00:00:23]}
59. f4 {[%clk 00:02:24]} {[%emt 00:01:18]} Bb2 {[%clk 00:07:12]} {[%emt
00:00:46]} 60. g5 {[%clk 00:01:59]} {[%emt 00:00:56]} hxg5 {[%clk 00:03:11]}
{[%emt 00:04:34]} 61. fxg5 {[%clk 00:02:25]} {[%emt 00:00:04]} Bd4 {[%clk
00:03:08]} {[%emt 00:00:34]} 62. Ne7 {[%clk 00:01:16]} {[%emt 00:01:42]} Bb2
{[%clk 00:03:27]} {[%emt 00:00:11]} 63. Nc8 {[%clk 00:01:06]} {[%emt 00:00:41]}
Bc3 {[%clk 00:03:05]} {[%emt 00:00:53]} 64. Nd6 {[%clk 00:01:31]} {[%emt
00:00:06]} Bb2 {[%clk 00:03:07]} {[%emt 00:00:27]} 65. Ne8+ {[%clk 00:01:20]}
{[%emt 00:00:42]} Kf8 {[%clk 00:03:16]} {[%emt 00:00:21]} 66. Nf6 {[%clk
00:01:25]} {[%emt 00:00:26]} Kg7 {[%clk 00:03:38]} {[%emt 00:00:08]} 67. Ne4
{[%clk 00:00:55]} {[%emt 00:01:01]} Bd4 {[%clk 00:03:55]} {[%emt 00:00:14]} 68.
Nd2 {[%clk 00:01:09]} {[%emt 00:00:17]} Bc3 {[%clk 00:04:17]} {[%emt 00:00:07]}
69. Nf3 {[%clk 00:01:35]} {[%emt 00:00:04]} Bb2 {[%clk 00:04:37]} {[%emt
00:00:10]} 70. Ke4 {[%clk 00:01:36]} {[%emt 00:00:29]} Bc1 {[%clk 00:04:07]}
{[%emt 00:01:00]} 71. Kf5 {[%clk 00:01:14]} {[%emt 00:00:54]} Bb2 {[%clk
00:04:35]} {[%emt 00:00:01]} 72. Ne5 {[%clk 00:01:26]} {[%emt 00:00:18]} Bc3
{[%clk 00:04:32]} {[%emt 00:00:33]} 73. h6+ {[%clk 00:01:41]} {[%emt 00:00:16]}
Kg8 {[%clk 00:04:36]} {[%emt 00:00:26]} 74. Nd7 {[%clk 00:01:37]} {[%emt
00:00:34]} Bb2 {[%clk 00:04:50]} {[%emt 00:00:16]} 75. g6 {[%clk 00:00:44]}
{[%emt 00:01:26]} Bc3 {[%clk 00:00:34]} {[%emt 00:04:55]} 76. h7+ {[%clk
00:00:38]} {[%emt 00:00:37]} Kg7 {[%clk 00:00:33]} {[%emt 00:00:32]} 77. h8=Q+
{[%clk 00:00:39]} {[%emt 00:00:29]} Kxh8 {[%clk 00:01:02]} {[%emt 00:00:01]}
78. gxf7 {[%clk 00:00:58]} {[%emt 00:00:11]} Bb4 {[%clk 00:00:34]} {[%emt
00:01:00]} 79. Kg6 {[%clk 00:01:03]} {[%emt 00:00:25]} Bd6 {[%clk 00:00:36]}
{[%emt 00:00:28]} 80. Ne5 {[%clk 00:00:55]} {[%emt 00:00:39]} Be7 {[%clk
00:00:34]} {[%emt 00:00:33]} 81. Ng4 {[%clk 00:00:54]} {[%emt 00:00:33]} Bb4
{[%clk 00:00:33]} {[%emt 00:00:31]} 82. Nf2 {[%clk 00:00:54]} {[%emt 00:00:31]}
Ba3 {[%clk 00:00:46]} {[%emt 00:00:18]} 83. Nd3 {[%clk 00:01:16]} {[%emt
00:00:08]} Be7 {[%clk 00:01:04]} {[%emt 00:00:11]} 84. Nf4 {[%clk 00:01:14]}
{[%emt 00:00:33]} Ba3 {[%clk 00:01:02]} {[%emt 00:00:33]} 85. Kf6 {[%clk
00:00:50]} {[%emt 00:00:55]} Kh7 {[%clk 00:00:38]} {[%emt 00:00:56]} 86. Ng6
{[%clk 00:00:34]} {[%emt 00:00:48]} Kh6 {[%clk 00:00:32]} {[%emt 00:00:37]} 87.
Ne7 {[%clk 00:00:38]} {[%emt 00:00:26]} Bb2+ {[%clk 00:00:56]} {[%emt
00:00:05]} 88. Ke6 {[%clk 00:00:44]} {[%emt 00:00:25]} Kg7 {[%clk 00:01:20]}
{[%emt 00:00:06]} 89. Ng6 {[%clk 00:00:47]} {[%emt 00:00:29]} Ba3 {[%clk
00:01:44]} {[%emt 00:00:06]} 90. Nh4 {[%clk 00:00:41]} {[%emt 00:00:36]} Bb4
{[%clk 00:01:10]} {[%emt 00:01:06]} 91. Nf5+ {[%clk 00:00:52]} {[%emt
00:00:20]} Kg6 {[%clk 00:01:12]} {[%emt 00:00:28]} 92. Ne7 {[%clk 00:00:52]}
{[%emt 00:00:30]} Kg7 {[%clk 00:01:36]} {[%emt 00:00:07]} 93. Nc6 {[%clk
00:01:08]} {[%emt 00:00:15]} Ba3 {[%clk 00:01:56]} {[%emt 00:00:10]} 94. Ne5
{[%clk 00:01:12]} {[%emt 00:00:27]} Bb4 {[%clk 00:01:56]} {[%emt 00:00:30]} 95.
Nf3 {[%clk 00:00:57]} {[%emt 00:00:46]} Ba3 {[%clk 00:02:14]} {[%emt 00:00:12]}
96. Nd4 {[%clk 00:01:23]} {[%emt 00:00:04]} Bb4 {[%clk 00:02:27]} {[%emt
00:00:17]} 97. Nf5+ {[%clk 00:01:39]} {[%emt 00:00:14]} Kg6 {[%clk 00:02:46]}
{[%emt 00:00:11]} 98. Ne7 {[%emt 00:01:20]} 1/2-1/2

[Event "Deutsche Ländermeisterschaft 2025"]
[Site "Oer-Erkenschwick GER"]
[Date "2025.10.04"]
[Round "6"]
[White "Ratushnyi, Viktor"]
[Black "Nguyen, Thanh An"]
[Result "1/2-1/2"]
[Termination "normal"]
[Board "2.4"]
[WhiteElo "2087"]
[BlackElo "2005"]
[WhiteClock "00:29:21"]
[BlackClock "00:35:37"]
[WhiteTeam "Bayern"]
[BlackTeam "Sachsen"]
[PlyCount "43"]
[WhiteFideId "34167293"]
[BlackFideId "34627804"]
[EventCountry "GER"]
[EventRounds "7"]
[EventType "team-swiss"]
[EventDate "2025.09.30"]

1. e4 {[%clk 01:30:58]} {[%emt 00:00:01]} c6 {[%clk 01:30:52]} {[%emt
00:00:09]} 2. d4 {[%clk 01:30:24]} {[%emt 00:01:03]} d5 {[%clk 01:31:18]}
{[%emt 00:00:04]} 3. e5 {[%clk 01:29:56]} {[%emt 00:00:57]} Bf5 {[%clk
01:31:41]} {[%emt 00:00:07]} 4. h4 {[%clk 01:30:21]} {[%emt 00:00:06]} h5
{[%clk 01:32:08]} {[%emt 00:00:04]} 5. Bd3 {[%clk 01:30:38]} {[%emt 00:00:12]}
Bxd3 {[%clk 01:32:34]} {[%emt 00:00:04]} 6. Qxd3 {[%clk 01:31:00]} {[%emt
00:00:08]} Qa5+ {[%clk 01:32:49]} {[%emt 00:00:14]} 7. Nd2 {[%clk 01:28:47]}
{[%emt 00:02:43]} Qa6 {[%clk 01:31:49]} {[%emt 00:01:31]} 8. c4 {[%clk
01:21:26]} {[%emt 00:07:51]} e6 {[%clk 01:30:11]} {[%emt 00:02:08]} 9. Ngf3
{[%clk 01:21:26]} {[%emt 00:00:29]} Ne7 {[%clk 01:30:22]} {[%emt 00:00:19]} 10.
b3 {[%clk 01:14:15]} {[%emt 00:07:42]} Nf5 {[%clk 01:30:17]} {[%emt 00:00:34]}
11. O-O {[%clk 01:13:43]} {[%emt 00:01:02]} Be7 {[%clk 01:30:39]} {[%emt
00:00:09]} 12. g3 {[%clk 01:13:50]} {[%emt 00:00:22]} c5 {[%clk 01:28:36]}
{[%emt 00:02:34]} 13. Bb2 {[%clk 00:59:40]} {[%emt 00:14:40]} Nd7 {[%clk
01:22:55]} {[%emt 00:06:11]} 14. Qc2 {[%clk 00:55:33]} {[%emt 00:04:36]} dxc4
{[%clk 01:11:31]} {[%emt 00:11:55]} 15. Nxc4 {[%clk 00:55:50]} {[%emt
00:00:13]} Qc6 {[%clk 01:04:37]} {[%emt 00:07:23]} 16. Qe2 {[%clk 00:54:37]}
{[%emt 00:01:43]} O-O {[%clk 00:55:53]} {[%emt 00:09:14]} 17. Rac1 {[%clk
00:51:59]} {[%emt 00:03:07]} Qa6 {[%clk 00:53:48]} {[%emt 00:02:36]} 18. a4
{[%clk 00:48:13]} {[%emt 00:04:16]} Nb6 {[%clk 00:48:52]} {[%emt 00:05:26]} 19.
Rfd1 {[%clk 00:42:49]} {[%emt 00:05:54]} Rfd8 {[%clk 00:47:02]} {[%emt
00:02:20]} 20. Kh2 {[%clk 00:29:21]} {[%emt 00:13:57]} Rac8 {[%clk 00:35:36]}
{[%emt 00:11:56]} 21. dxc5 {[%emt 00:03:24]} Bxc5 {[%clk 00:35:37]} 22. Rxd8+
{[%emt 00:02:39]} 1/2-1/2